Structural Dynamics and Resilience in Supply Chain Risk Management. (Record no. 3213)

MARC details
005 - DATE AND TIME OF LATEST TRANSACTION
control field 20250605120052.0
020 ## - INTERNATIONAL STANDARD BOOK NUMBER
International Standard Book Number 9 783319 887517
082 ## - DEWEY DECIMAL CLASSIFICATION NUMBER
Classification number 658.7 IVA
100 ## - MAIN ENTRY--PERSONAL NAME
Author name IVANOV, D
245 ## - TITLE STATEMENT
Title Structural Dynamics and Resilience in Supply Chain Risk Management.
260 ## - PUBLICATION, DISTRIBUTION, ETC.
Place of publication, distribution, etc. Switzerland,
Name of publisher, distributor, etc. Springer,
Date of publication, distribution, etc. 2018
300 ## - PHYSICAL DESCRIPTION
Extent xxiv, 315p.; ill.; figure, table.;
Other physical details Index.;
Dimensions 23cm.
942 ## - ADDED ENTRY ELEMENTS (KOHA)
Source of classification or shelving scheme Dewey Decimal Classification
Koha item type Books
Holdings
Date last seen Total checkouts Full call number Barcode Cost, replacement price Price effective from Koha item type Lost status Source of classification or shelving scheme Damaged status Not for loan Withdrawn status Home library Current library Shelving location Date acquired Cost, normal purchase price
06/05/2025   658.7 IVA DOM00057 943488.00 06/05/2025 Books   Dewey Decimal Classification       CBE Dodoma CBE Dodoma Special Reserve Collection 03/12/2025 314496.00